Nhà bác học Phơ Rê - Đê - Rich Giô - Li -Ô Qui -Ri

Guardat en:
Dades bibliogràfiques
Autor principal: MARIAN SATXCONXCAIA
Format: Llibre
Idioma:Undetermined
Publicat: Hà Nội Thanh Niên 2001
Matèries:
Etiquetes: Afegir etiqueta
Sense etiquetes, Sigues el primer a etiquetar aquest registre!
Thư viện lưu trữ: Trung tâm Học liệu Trường Đại học Cần Thơ
LEADER 00547nam a2200169Ia 4500
001 CTU_45632
008 210402s9999 xx 000 0 und d
082 |a 539.7092 
082 |b S253 
100 |a MARIAN SATXCONXCAIA 
245 0 |a Nhà bác học Phơ Rê - Đê - Rich Giô - Li -Ô Qui -Ri 
245 0 |c Ma-ri-an Sat-xcôn-xcai-a; Xuân Trường dịch 
260 |a Hà Nội 
260 |b Thanh Niên 
260 |c 2001 
650 |a russian scientists - biography 
980 |a Trung tâm Học liệu Trường Đại học Cần Thơ